Platzierungen der Nationalteams bei der Europameisterschaft 2012 - Statistiken

Allgemein
  • Dieses Quiz wurde 18 mal gespielt
  • Das Durchschnittsergebnis liegt bei 10 aus 16
Antwortstatistiken
Hint Antwort % Korrekt
Russland Gruppenphase
82%
Deutschland Halbfinale
82%
Spanien Sieger
82%
Italien Zweiter Platz
82%
Irland Gruppenphase
76%
Ukraine Gruppenphase
76%
Kroatien Gruppenphase
71%
Dänemark Gruppenphase
71%
Polen Gruppenphase
65%
Schweden Gruppenphase
59%
England Viertelfinale
59%
Frankreich Viertelfinale
41%
Portugal Halbfinale
35%
Niederlande Gruppenphase
29%
Tschechische Republik Viertelfinale
29%
Griechenland Viertelfinale
24%
Keine übereinstimmenden Quizze gefunden
Verteilung der Resultate
Anzahl Personen mit jedem Resultat
Perzentil nach korrekt beantworteten Fragen
Ihre Resultats-Entwicklung
Sie haben dieses Quiz noch nicht gespielt